| 000 | 01374cam a22002294a 4500 | ||
|---|---|---|---|
| 005 | 20250605164056.0 | ||
| 008 | 250528s ||||||||||||||||||||||||d | ||
| 035 | _a17474 | ||
| 020 | _a379208792 | ||
| 040 |
_aGR-AtMCL _bgre _dGR-AtMCL _eAACR2 |
||
| 245 | 1 | _aInternational Chamber of Commerce Arbitration / Second Edition | |
| 250 | _a2nd | ||
| 260 |
_bOceana Publications, _c1990 |
||
| 300 | _a832 | ||
| 520 | _aPreface, Abbreviations, The Institution, General Characteristics, The Organizational Framework, Costs, Types of Arbitration Agreements, The Validity of the Arbitration Agreement, Indispensable Elements, Generally Recommended Additional, Occasionally Useful Elements, Pathological Elements, ICC Arbitration in Practice, Bringing Arbitration Under the Rules, Arbitral Jurisdiction, Constituting the Arbitral Tribunal and Determing the Place of Arbitration, Arbitrator Disqualification or Incapability, Advance to Cover Costs, Terms of Reference, Rules Governing the Proceedings, Choice of Sustantive Law, Amiable Composition, Arbitral Awards, Hearings and Proof and Ancillary Proceedings, The Impact of National Law, Trends in International Commercial Arbitration, Appendices, Index. | ||
| 700 | 1 |
_aCraig W. Laurence _93610 |
|
| 700 | 1 |
_aPark William W _93611 |
|
| 700 | 1 |
_aPaulsson Jan _93612 |
|
| 942 | _cBK | ||
| 999 |
_c2884 _d2884 |
||